| 000 | 01012cad a22002175a 4500 | ||
|---|---|---|---|
| 001 | E154072 | ||
| 008 | 111011e20111007xxk 000 0 eng d | ||
| 035 | _a(Sirsi) u154072 | ||
| 041 | 0 | _aeng | |
| 110 | 2 |
_aShelter Scotland _93573 |
|
| 245 | 0 | 0 |
_aNew powers to access information on empty homes _h[electronic resource] |
| 260 | _c2011 | ||
| 490 |
_aShelter Scotland News Release _v7 October 2011 |
||
| 520 | _aThe Housing (Scotland) Act 2010 S157 has now come into force. This allows local authorities to access more information about empty homes, enabling them to contact the owners and to bring empty properties back into use. | ||
| 590 | _aKA | ||
| 650 | 2 | 4 | _aHOUSING (SCOTLAND) ACT 2010 S157 |
| 651 | 4 |
_aScotland _y1999- |
|
| 690 | _aPROPERTY-RESIDENTIAL PROPERTY-DOMESTIC RESIDENTIAL PROPERTY-HOUSING | ||
| 856 | 4 | 0 |
_uhttps://scotland.shelter.org.uk/news/october_2011/new_powers_to_access_information_on_empty_homes _zView the news release free of charge at http://scotland.shelter.org.uk |
| 942 | _n0 | ||
| 999 |
_c83480 _d83480 |
||